<?xml version="1.0" encoding="UTF-8"?>
<record
    xmlns:xsi="http://www.w3.org/2001/XMLSchema-instance"
    xsi:schemaLocation="http://www.loc.gov/MARC21/slim http://www.loc.gov/standards/marcxml/schema/MARC21slim.xsd"
    xmlns="http://www.loc.gov/MARC21/slim">

  <leader>01061cam a2200217   4500</leader>
  <controlfield tag="005">20170502112904.0</controlfield>
  <controlfield tag="008">170502b        mx ||||| |||| 00| 0 spa d</controlfield>
  <datafield tag="020" ind1=" " ind2=" ">
    <subfield code="a">9688201472 (Obra completa)</subfield>
  </datafield>
  <datafield tag="050" ind1="0" ind2="4">
    <subfield code="a">J171 .M3 </subfield>
    <subfield code="b">R39 1984</subfield>
  </datafield>
  <datafield tag="245" ind1="0" ind2="4">
    <subfield code="a">Las Razones y las obras : </subfield>
    <subfield code="b">Gobierno de Miguel de la Madrid, Cr&#xF3;nica del sexenio 1982-1988 / </subfield>
    <subfield code="c">Direcci&#xF3;n de Alejandra Lajous.</subfield>
  </datafield>
  <datafield tag="260" ind1=" " ind2=" ">
    <subfield code="a">M&#xE9;xico :</subfield>
    <subfield code="b">Presidencia de la Rep&#xFA;blica, Unidad de la Cr&#xF3;nica Presidencial, </subfield>
    <subfield code="c">1984</subfield>
  </datafield>
  <datafield tag="300" ind1=" " ind2=" ">
    <subfield code="a">v. ;</subfield>
    <subfield code="c">26 cm.</subfield>
  </datafield>
  <datafield tag="440" ind1=" " ind2="0">
    <subfield code="a">Tezontle</subfield>
  </datafield>
  <datafield tag="505" ind1=" " ind2=" ">
    <subfield code="a">Contenido: </subfield>
    <subfield code="g">v.1.</subfield>
    <subfield code="t">Primer a&#xF1;o, cr&#xF3;nica del sexenio 1982-1988 -- </subfield>
    <subfield code="g">v.2. </subfield>
    <subfield code="t">Segundo a&#xF1;o -- </subfield>
    <subfield code="g">v.6. </subfield>
    <subfield code="t">Sexto a&#xF1;o -- </subfield>
    <subfield code="g">v.7. </subfield>
    <subfield code="t">Indices -- </subfield>
    <subfield code="g">v.8. </subfield>
    <subfield code="t">Cr&#xF3;nica de la campa&#xF1;a electoral de Miguel de la Madrid</subfield>
  </datafield>
  <datafield tag="600" ind1="1" ind2=" ">
    <subfield code="a">Madrid Hurtado, Miguel de, </subfield>
    <subfield code="d">1934-</subfield>
  </datafield>
  <datafield tag="650" ind1=" " ind2="7">
    <subfield code="a">Presidentes </subfield>
    <subfield code="z">M&#xE9;xico </subfield>
    <subfield code="2">Lemb</subfield>
  </datafield>
  <datafield tag="651" ind1=" " ind2="7">
    <subfield code="a">M&#xE9;xico </subfield>
    <subfield code="x">Pol&#xED;tica y gobierno, 1982-1988 </subfield>
    <subfield code="x">Cronolog&#xED;a</subfield>
    <subfield code="2">Lemb</subfield>
  </datafield>
  <datafield tag="700" ind1="1" ind2=" ">
    <subfield code="a">Lajous, Alejandra, dir.</subfield>
  </datafield>
  <datafield tag="710" ind1="1" ind2=" ">
    <subfield code="a">M&#xE9;xico. </subfield>
    <subfield code="b">Presidencia de la Rep&#xFA;blica, Unidad de la Cr&#xF3;nica Presidencial</subfield>
  </datafield>
  <datafield tag="942" ind1=" " ind2=" ">
    <subfield code="2">lcc</subfield>
    <subfield code="c">LIB</subfield>
  </datafield>
  <datafield tag="999" ind1=" " ind2=" ">
    <subfield code="c">67747</subfield>
    <subfield code="d">67747</subfield>
  </datafield>
  <datafield tag="952" ind1=" " ind2=" ">
    <subfield code="1">0</subfield>
    <subfield code="2">lcc</subfield>
    <subfield code="4">0</subfield>
    <subfield code="7">0</subfield>
    <subfield code="a">INV-033</subfield>
    <subfield code="b">INV-033</subfield>
    <subfield code="c">GENERAL</subfield>
    <subfield code="d">2017-05-02</subfield>
    <subfield code="f">1a ed.</subfield>
    <subfield code="i">H</subfield>
    <subfield code="k">CSA</subfield>
    <subfield code="o">J171.M3 R39 1984 V.1</subfield>
    <subfield code="p">IIH000000544</subfield>
    <subfield code="r">2017-05-02 00:00:00</subfield>
    <subfield code="t">C:1</subfield>
    <subfield code="y">LIB</subfield>
    <subfield code="z">GENERAL</subfield>
  </datafield>
</record>
